| 000 | 00549nam a2200181Ia 4500 | ||
|---|---|---|---|
| 003 | GCL | ||
| 008 | 140319s9999 xx 000 0 ara d | ||
| 040 |
_aGCL / _cGCL |
||
| 082 | 0 | 4 |
_a189.3 _bزف |
| 100 | 1 | _aزينب الخضيرى | |
| 245 | 1 | 0 |
_aفلسفة التاريخ عند ابن خلدون / _cزينب الخضيرى |
| 260 |
_a[S.N] : _bدار الثقافة للنشر والتوزيع ، _c1988 |
||
| 300 | _a239 ص | ||
| 490 | _a | ||
| 650 | 0 | 4 | _aالفلسفة الاسلامية |
| 650 | 0 | 4 | _aابن خلدون |
| 942 |
_2ddc _cBK |
||
| 999 |
_c43811 _d43811 |
||